E-commerce a nástroj marketingu dizertačná práca

Na minha lista:
Detalhes bibliográficos
Autor principal: Ručinský, Rastislav
Autor Corporativo: Ekonomická univerzita v Bratislave. Podnikovohospodárska fakulta so sídlom v Košiciach
Outros Autores: Dudinská, Elvíra
Formato: Livro
Idioma:eslovaco
Publicado em: Košice 2004
Assuntos:
Tags: Adicionar Tag
Sem tags, seja o primeiro a adicionar uma tag!

MARC

LEADER 00000nam$a2200000$$$4500
001 0040450
005 20230224100005.0
041 0 |a slo 
044 |a SK 
245 1 0 |a E-commerce a nástroj marketingu  |b dizertačná práca  |c Rastislav Ručinský ; školiteľ: Elvíra Dudinská 
264 1 |a Košice  |c 2004 
300 |a 154 s. 
610 2 0 |a ekonomika nová 
610 2 0 |a globalizácia 
610 2 0 |a obchod elektronický 
610 2 0 |a vzťahy medzipodnikové 
610 2 0 |a nástroje marketingové 
100 1 |a Ručinský, Rastislav 
700 1 |a Dudinská, Elvíra 
710 2 |a Ekonomická univerzita v Bratislave. Podnikovohospodárska fakulta so sídlom v Košiciach